| 000 | 00870nam a22002537a 4500 | ||
|---|---|---|---|
| 005 | 20240110124351.0 | ||
| 008 | 231128b ag |||||||| |||| 00| 0 spa d | ||
| 020 | _a9789871283361 Argentina | ||
| 020 | _a9788493543242 España | ||
| 050 | 0 | 4 |
_aBJ1031 _bA67 2007 |
| 100 | 1 | _aAppiah, Anthony | |
| 240 | _aThe Ethics of identity | ||
| 245 | 1 | 3 |
_aLa ética de la identidad / _cKwame Anthony Appiah ; traducido por Lilia Mosconi |
| 250 | _a1a ed. | ||
| 260 |
_aBuenos Aires : _bKatz, _c2007 |
||
| 300 |
_a401 p. ; _c23 cm. |
||
| 440 |
_aConocimiento ; _n No. 3017 |
||
| 500 | _a# 791 Donacion: Dr. Rafael Mendoza 6/JUL./2021 (BFF000040747) | ||
| 650 | 4 | _aÉtica | |
| 650 | 4 |
_aIdentidad colectiva _xAspectos morales y éticos |
|
| 650 | 4 |
_aIdentidad (Psicología) _xAspectos morales y éticos |
|
| 700 | 1 |
_aMosconi, Lilia, _etraductor |
|
| 942 |
_2lcc _cLIB |
||
| 999 |
_c167194 _d167192 |
||